| 000 | 01280nam a22003737a 4500 | ||
|---|---|---|---|
| 003 | CHAP | ||
| 005 | 20220329141242.0 | ||
| 008 | 971010s1984 r 00010 d | ||
| 010 | _a65177 | ||
| 011 | _a66149 | ||
| 035 | _a74145 | ||
| 040 | _cCHAP | ||
| 090 | _aTesis | ||
| 100 | 0 | 0 |
_aChacón Martínez, R. Ricardo. _921702 |
| 245 | _aEfecto de tres láminas de riego en tres diferentes etapas fisiológicas de trigo | ||
| 260 |
_aChapingo, Méx. : _bEl autor, _c1984 |
||
| 300 |
_a49 h. _b; gráfs. |
||
| 502 | _aTesis (Ing. Agr. Esp. en Irrigación) -- UACH. Departamento de Irrigación | ||
| 590 |
_aALEPH _b10 _c20130110 _lUCH01 _h1354 |
||
| 590 |
_aBATCH-UPD _b10 _c20130110 _lUCH01 _h0353 |
||
| 590 |
_aBATCH-UPD _b10 _c20130110 _lUCH01 _h2057 |
||
| 590 |
_aBATCH-UPD _b10 _c20130410 _lUCH01 _h0027 |
||
| 590 |
_aBATCH-UPD _b10 _c20130914 _lUCH01 _h0917 |
||
| 590 |
_aCONVERSION _b10 _c20130109 _lUCH01 _h1336 |
||
| 650 | 1 | 4 |
_aPaja de Trigo. _984778 |
| 650 | 1 | 4 |
_aTrigo _xGuanajuato. _9115035 |
| 650 | 1 | 4 |
_aTrigo _xIrrigación. _9115050 |
| 650 | 1 | 4 |
_aTrigo _xRendimiento. _9115092 |
| 901 | _aBK | ||
| 942 | _cTESIS | ||
| 949 |
_bBC _cTES _d-138758 _eTS1 _h17255 _i74145 _si |
||
| 949 |
_bI _cTESBD _d-62175 _eTS2 _fc.2 _h203 _i74145 _si |
||
| 949 |
_bI _cTESBD _d-6997 _eTS1 _h202 _i74145 _si |
||
| 999 |
_c65177 _d65177 |
||